| 000 | 00464nam a2200169 a 4500 | ||
|---|---|---|---|
| 005 | 20140412111237.0 | ||
| 008 | 010604s19uu xx 00 eng d | ||
| 020 | _a0-7459-2496-4 | ||
| 050 |
_aM 200 _bR59 1994 |
||
| 100 | _aRock, Lois | ||
| 245 |
_aA first look: GOD / _cLois rock; illustrated by Carolyn Cox. |
||
| 260 |
_aOxford, England : _bLion Publishing, _c1994. |
||
| 300 | _a13p. ; ill. | ||
| 440 | _aA First Look | ||
| 650 | _aTitle | ||
| 999 |
_c102489 _d102489 |
||